[Event "V Memorial Angelo Mo A"]
[Site "Carignano ITA"]
[Date "2010.05.08"]
[Round "2"]
[White "Travasino, Pierangelo"]
[Black "Medaglia, Enzo"]
[Result "0-1"]
[WhiteElo "1560"]
[BlackElo "1747"]
[PlyCount "116"]
[EventDate "2010.05.07"]

1. f4 c5 2. e3 Nc6 3. Nf3 e6 4. Be2 d5 5. b3 Nf6 6. Bb2 Bd7 7. O-O Be7 8. a3
O-O 9. Bd3 Ne8 10. Qe1 Bf6 11. Nc3 a6 12. Rb1 b5 13. Nd1 c4 14. Be2 cxb3 15.
cxb3 Na5 16. Nd4 Nd6 17. Nf2 Rc8 18. Bd3 Nc6 19. Nxc6 Bxc6 20. Bxf6 Qxf6 21.
Ng4 Qe7 22. Ne5 Be8 23. Qg3 f5 24. Qe1 Nf7 25. Nxf7 Rxf7 26. b4 Qf6 27. Rc1
Rfc7 28. Rxc7 Rxc7 29. Qb1 d4 30. e4 fxe4 31. Bxe4 Bg6 32. f5 exf5 33. Bxf5
Bxf5 34. Rxf5 Rc1+ 35. Qxc1 Qxf5 36. Qe1 Kf7 37. h3 Kf6 38. Qh4+ Ke5 39. Qe7+
Kd5 40. Qc5+ Ke4 41. d3+ Kf4 42. Qxd4+ Kg5 43. Qc5 Qxc5+ 44. bxc5 Kf5 45. d4 a5
46. Kf2 b4 47. axb4 a4 48. c6 Ke6 49. d5+ Kd6 50. b5 Kc7 51. Ke3 a3 52. Ke4 a2
53. Kf5 a1=Q 54. b6+ Kxb6 55. Ke6 Qf6+ 56. Kd7 Qf7+ 57. Kd6 Qc7+ 58. Ke6 Kc5
0-1

[Event "V Memorial Angelo Mo A"]
[Site "Carignano ITA"]
[Date "2010.05.08"]
[Round "2"]
[White "Zunino, Davide"]
[Black "Glek, Igor V."]
[Result "0-1"]
[WhiteElo "2023"]
[BlackElo "2498"]
[PlyCount "62"]
[EventDate "2010.05.07"]

1. d4 Nf6 2. Nf3 g6 3. Bf4 d6 4. e3 Nh5 5. Bg5 h6 6. Bh4 g5 7. Nfd2 Ng7 8. Bg3
Nf5 9. Be2 Bg7 10. Na3 Nd7 11. c3 c5 12. Bd3 Nxg3 13. hxg3 a6 14. Nc2 d5 15.
dxc5 Nxc5 16. Be2 Qb6 17. Rb1 Bf5 18. Nf3 e5 19. O-O O-O 20. Nfe1 Rfd8 21. Nd3
Ne4 22. Qe1 Rac8 23. f3 Nc5 24. Qd2 d4 25. exd4 exd4 26. c4 Bxd3 27. Bxd3 Nxd3
28. Qxd3 Qc7 29. b3 Qxg3 30. Nb4 Re8 31. Nd5 Be5 0-1

[Event "V Memorial Angelo Mo A"]
[Site "Carignano ITA"]
[Date "2010.05.08"]
[Round "3"]
[White "Glek, Igor V."]
[Black "Petritaj, Ferdinando"]
[Result "1-0"]
[WhiteElo "2498"]
[BlackElo "2196"]
[PlyCount "53"]
[EventDate "2010.05.07"]

1. e4 c6 2. c4 d5 3. cxd5 cxd5 4. exd5 Nf6 5. Nc3 Nxd5 6. Nf3 Nc6 7. Bb5 e6 8.
O-O Be7 9. d4 O-O 10. Re1 Qc7 11. a3 Nxc3 12. bxc3 a6 13. Bd3 b5 14. Qc2 h6 15.
Qe2 Re8 16. Qe4 f5 17. Qe2 Bd7 18. Qa2 Kh8 19. Rxe6 Bxe6 20. Qxe6 Qc8 21. Qg6
Rf8 22. Bxh6 gxh6 23. Qxh6+ Kg8 24. Qg6+ Kh8 25. Re1 Rf6 26. Qh5+ Kg8 27. Nh4
1-0

[Event "V Memorial Angelo Mo A"]
[Site "Carignano ITA"]
[Date "2010.05.08"]
[Round "3"]
[White "Gromovs, Sergejs"]
[Black "Petkov, Vladimir"]
[Result "1-0"]
[WhiteElo "2319"]
[BlackElo "2498"]
[PlyCount "89"]
[EventDate "2010.05.07"]

1. d4 Nf6 2. Nf3 e6 3. c4 Bb4+ 4. Nbd2 b6 5. a3 Bxd2+ 6. Bxd2 Bb7 7. Bg5 h6 8.
Bh4 d6 9. e3 Nbd7 10. Bd3 g5 11. Bg3 h5 12. h4 g4 13. Ng5 Bxg2 14. Rg1 Bb7 15.
Qc2 Qe7 16. O-O-O O-O-O 17. b4 Kb8 18. Kb2 Ka8 19. Rc1 c5 20. Rgd1 e5 21. Bf5
Rhe8 22. Qc3 Rc8 23. dxe5 dxe5 24. Nh7 Rcd8 25. Nxf6 Nxf6 26. Bxe5 Rxd1 27.
Rxd1 Ne4 28. Bxe4 Bxe4 29. Bf6 Qe6 30. Bg5 Rc8 31. b5 Bf5 32. a4 Qe4 33. a5
bxa5 34. Rc1 a4 35. Ra1 Rc7 36. Bf4 Rc8 37. Rxa4 Qb7 38. Qe5 Be6 39. Kc3 Qh1
40. Kb2 Qf3 41. Qd6 Qb7 42. b6 a6 43. Kc3 Rc6 44. Rxa6+ Qxa6 45. Qb8# 1-0

[Event "V Memorial Angelo Mo A"]
[Site "Carignano ITA"]
[Date "2010.05.08"]
[Round "3"]
[White "Marholev, Dimitar"]
[Black "Harbuz, Daniela"]
[Result "1-0"]
[WhiteElo "2433"]
[BlackElo "2071"]
[PlyCount "57"]
[EventDate "2010.05.07"]

1. e4 g6 2. h4 h5 3. d4 Bg7 4. Nf3 d6 5. Ng5 Nh6 6. Nc3 c6 7. f3 Nd7 8. Be3 e5
9. d5 c5 10. a4 Nf8 11. Bb5+ Ke7 12. Qd2 f6 13. O-O Nf7 14. Nxf7 Kxf7 15. f4
exf4 16. Bxf4 Kg8 17. Bd3 c4 18. Bxc4 f5 19. Nb5 Bxb2 20. Rab1 Be5 21. Bxe5
dxe5 22. d6+ Kh7 23. Nc7 Rb8 24. Qd5 Qxh4 25. Qf7+ Kh6 26. Ne8 Ne6 27. Bxe6 Rh7
28. Qf8+ Kg5 29. Qf6+ 1-0

[Event "V Memorial Angelo Mo A"]
[Site "Carignano ITA"]
[Date "2010.05.09"]
[Round "4"]
[White "Gromovs, Sergejs"]
[Black "Marholev, Dimitar"]
[Result "1-0"]
[WhiteElo "2319"]
[BlackElo "2433"]
[PlyCount "151"]
[EventDate "2010.05.07"]

1. d4 Nf6 2. Nf3 g6 3. c4 Bg7 4. Nc3 O-O 5. g3 c5 6. Bg2 cxd4 7. Nxd4 Nc6 8.
O-O Qb6 9. Nb3 d6 10. Be3 Qa6 11. Nb5 Qa4 12. N3d4 Qxd1 13. Rfxd1 Ne5 14. Nc7
Rb8 15. Nf3 Nxf3+ 16. Bxf3 b6 17. Nb5 a6 18. Nc3 Be6 19. Nd5 Nxd5 20. cxd5 Bf5
21. Bd4 Bxd4 22. Rxd4 Rfc8 23. e4 Bd7 24. Rd2 Rc5 25. Kg2 Rbc8 26. Re1 Rc2 27.
Ree2 Rc1 28. Re3 Ra1 29. e5 dxe5 30. Rxe5 Rcc1 31. Be2 Kf8 32. a3 Rg1+ 33. Kf3
Rae1 34. Re3 a5 35. Rb3 h5 36. Rxb6 g5 37. Rb8+ Kg7 38. Rb7 Bg4+ 39. Ke3 Kf6
40. f3 Bf5 41. Rb6+ Kg7 42. d6 exd6 43. Kf2 Rh1 44. Rb5 Kf6 45. Rxd6+ Be6 46.
f4 gxf4 47. gxf4 Ke7 48. Rd2 Bg4 49. Re5+ Kf8 50. Rd8+ Kg7 51. Bxg4 Ref1+ 52.
Ke3 hxg4 53. Rg5+ Kf6 54. Rxg4 Rxh2 55. Rd6+ Ke7 56. Rb6 Rff2 57. Rg5 Re2+ 58.
Kd4 Rd2+ 59. Kc4 Rxb2 60. Re5+ Kd7 61. Rxb2 Rxb2 62. Rxa5 Rf2 63. Rd5+ Ke6 64.
Rd4 Kf5 65. a4 Ra2 66. Kb5 Kg4 67. a5 f5 68. a6 Rb2+ 69. Rb4 Rh2 70. a7 Rh8 71.
Ka6 Rh6+ 72. Ka5 Rh8 73. Rc4 Re8 74. Kb6 Re6+ 75. Kb7 Re8 76. a8=Q 1-0

[Event "V Memorial Angelo Mo A"]
[Site "Carignano ITA"]
[Date "2010.05.09"]
[Round "4"]
[White "Harbuz, Daniela"]
[Black "D'Ingiullo, Giovanni"]
[Result "1-0"]
[WhiteElo "2071"]
[BlackElo "1888"]
[PlyCount "71"]
[EventDate "2010.05.07"]

1. Nf3 g6 2. g3 d6 3. Bg2 Bg7 4. d3 Nf6 5. e4 e5 6. h3 O-O 7. O-O h6 8. Nc3 Be6
9. Kh2 Qd7 10. Ng1 Nc6 11. f4 exf4 12. gxf4 Nh7 13. Nce2 f5 14. Ng3 Rad8 15.
exf5 gxf5 16. c3 d5 17. Nf3 d4 18. c4 Qf7 19. b3 Nf6 20. Ba3 Rfe8 21. b4 Bf8
22. b5 Bxa3 23. bxc6 b6 24. Ne5 Qg7 25. Rg1 Kh7 26. Nh5 Nxh5 27. Qxh5 Qf6 28.
Bd5 Rg8 29. Nd7 Qe7 30. Rge1 Rg1 31. Rxg1 Rg8 32. Rxg8 Bxg8 33. Qxf5+ Kh8 34.
Ne5 Qh7 35. Ng6+ Kg7 36. Qe5+ 1-0

[Event "V Memorial Angelo Mo A"]
[Site "Carignano ITA"]
[Date "2010.05.09"]
[Round "4"]
[White "Petkov, Vladimir"]
[Black "Manni, Stefano"]
[Result "1-0"]
[WhiteElo "2498"]
[BlackElo "1960"]
[PlyCount "33"]
[EventDate "2010.05.07"]

1. Nf3 d5 2. c4 d4 3. e3 Nc6 4. exd4 Nxd4 5. Nxd4 Qxd4 6. Nc3 c6 7. d3 e5 8.
Be3 Qd8 9. Qf3 Qf6 10. Qg3 Bf5 11. Be2 Bd6 12. Ne4 Bxe4 13. dxe4 Bb4+ 14. Kf1
h6 15. Rd1 Ne7 16. c5 O-O 17. Rd6 1-0

[Event "V Memorial Angelo Mo A"]
[Site "Carignano ITA"]
[Date "2010.05.09"]
[Round "4"]
[White "Petritaj, Ferdinando"]
[Black "Finocchiaro, Gianluca"]
[Result "1-0"]
[WhiteElo "2196"]
[BlackElo "2087"]
[PlyCount "96"]
[EventDate "2010.05.07"]

1. d4 g6 2. c4 Bg7 3. Nc3 c5 4. Nf3 f5 5. g3 Nc6 6. Be3 Nf6 7. d5 Na5 8. Bxc5
Nxc4 9. Qd3 Nxb2 10. Qb5 Ne4 11. Nxe4 fxe4 12. Bd4 Bxd4 13. Nxd4 Qb6 14. e3
Qxb5 15. Bxb5 a6 16. Rb1 Nd3+ 17. Bxd3 exd3 18. Kd2 O-O 19. f4 d6 20. Kxd3 b5
21. Rhc1 Bb7 22. Nc6 Kf7 23. Kd4 e6 24. Nd8+ Rfxd8 25. Rc7+ Kf6 26. Rxb7 Rac8
27. dxe6 Kxe6 28. Rxh7 Rc2 29. a4 bxa4 30. Rbb7 a3 31. Rbe7+ Kf5 32. h3 Rf8 33.
g4+ Kf6 34. Ra7 a2 35. Rxa6 Ke6 36. Rh6 Rfc8 37. f5+ Kf7 38. Ra7+ Kg8 39. Rxg6+
Kh8 40. Rh6+ Kg8 41. f6 R8c7 42. Rg6+ Kf8 43. Ra8+ Rc8 44. Rh6 Kg8 45. Ra7 R8c7
46. Ra6 R7c6 47. f7+ Kxf7 48. Ra7+ Kg8 1-0

[Event "V Memorial Angelo Mo A"]
[Site "Carignano ITA"]
[Date "2010.05.09"]
[Round "5"]
[White "Glek, Igor V."]
[Black "Gromovs, Sergejs"]
[Result "1/2-1/2"]
[WhiteElo "2498"]
[BlackElo "2319"]
[PlyCount "38"]
[EventDate "2010.05.07"]

1. e4 d6 2. d4 Nf6 3. Nc3 g6 4. f4 Bg7 5. a3 O-O 6. Nf3 c5 7. dxc5 Qa5 8. Nd2
Qxc5 9. Be2 Be6 10. Nb3 Qb6 11. g4 Rc8 12. g5 Rxc3 13. gxf6 Rxb3 14. fxg7 Rh3
15. Kf1 Nd7 16. Kg2 Nf6 17. Bf3 d5 18. e5 Ne4 19. Qe2 Bf5 1/2-1/2

[Event "V Memorial Angelo Mo A"]
[Site "Carignano ITA"]
[Date "2010.05.09"]
[Round "5"]
[White "Marholev, Dimitar"]
[Black "Mrdja, Milan"]
[Result "1-0"]
[WhiteElo "2433"]
[BlackElo "2383"]
[PlyCount "85"]
[EventDate "2010.05.07"]

1. c4 g6 2. Nc3 Bg7 3. g3 Nf6 4. Bg2 O-O 5. d4 d6 6. Nf3 c6 7. O-O Qa5 8. Bd2
Qh5 9. Re1 e5 10. e4 Bg4 11. d5 Nbd7 12. Be3 c5 13. a3 Nb6 14. b3 Ne8 15. a4 h6
16. a5 Nd7 17. a6 b6 18. Rc1 f5 19. h3 Bxh3 20. Nh4 Qxd1 21. Rcxd1 Bxg2 22.
Kxg2 Kh7 23. Rh1 Nc7 24. exf5 gxf5 25. Nb5 Nxb5 26. cxb5 Rae8 27. Nf3 f4 28.
Bc1 e4 29. Ng5+ Kg6 30. Ne6 f3+ 31. Kf1 Rh8 32. Bf4 Be5 33. Rh4 Nf6 34. Bxe5
dxe5 35. Nc7 Re7 36. d6 Rd8 37. Nd5 Re6 38. Nxf6 Rdxd6 39. Nd5 h5 40. Rxe4 Kf5
41. Rde1 Kg5 42. Nc7 Re7 43. Rxe5+ 1-0

[Event "V Memorial Angelo Mo A"]
[Site "Carignano ITA"]
[Date "2010.05.09"]
[Round "5"]
[White "Petritaj, Ferdinando"]
[Black "Petkov, Vladimir"]
[Result "0-1"]
[WhiteElo "2196"]
[BlackElo "2498"]
[PlyCount "54"]
[EventDate "2010.05.07"]

1. d4 Nf6 2. c4 e6 3. Nc3 Bb4 4. e3 O-O 5. Bd3 c5 6. Nf3 d5 7. O-O Nc6 8. a3
Ba5 9. cxd5 exd5 10. dxc5 Bxc3 11. bxc3 Bg4 12. Qe1 Bxf3 13. gxf3 Re8 14. Kh1
Ne5 15. Be2 Rc8 16. a4 Rxc5 17. Ba3 Rc6 18. Rd1 Qc8 19. Rd4 Qh3 20. Rg1 Nxf3
21. Bxf3 Qxf3+ 22. Rg2 Ne4 23. Kg1 Rg6 24. Rxg6 hxg6 25. c4 dxc4 26. Bb2 Rc8
27. Bc3 Rc5 0-1

[Event "II Festival Vittorio Alfieri"]
[Site "Torino ITA"]
[Date "2010.04.21"]
[Round "1"]
[White "Baleja, Marian"]
[Black "Giacchino, Claudio"]
[Result "0-1"]
[WhiteElo "1923"]
[BlackElo "1631"]
[PlyCount "74"]
[EventDate "2010.04.21"]

1. e4 e6 2. d4 d5 3. Nd2 c5 4. exd5 exd5 5. Ngf3 Nf6 6. Bb5+ Bd7 7. Bxd7+ Nbxd7
8. O-O Be7 9. dxc5 Nxc5 10. Nd4 Qd7 11. N2f3 O-O 12. Ne5 Qc8 13. c3 Re8 14. Bg5
Ncd7 15. Re1 Qd8 16. Ndc6 bxc6 17. Nxc6 Qb6 18. Nxe7+ Rxe7 19. Rxe7 Qxb2 20.
Qe1 h6 21. Bxf6 Nxf6 22. Rb1 Qxa2 23. Rbb7 Rf8 24. Rxa7 Qc4 25. h3 Qb5 26. Qe5
Qb1+ 27. Kh2 Qc2 28. f3 Qb3 29. Rxf7 Rxf7 30. Ra8+ Kh7 31. Qf5+ g6 32. Qc8 g5
33. g4 Qc2+ 34. Kg3 Ne4+ 35. fxe4 Qd3+ 36. Kg2 Qe2+ 37. Kg3 Rf3# 0-1

[Event "II Festival Vittorio Alfieri"]
[Site "Torino ITA"]
[Date "2010.04.21"]
[Round "1"]
[White "Cavezzana, Davide"]
[Black "Dragojlovic, Andjelko"]
[Result "0-1"]
[WhiteElo "1768"]
[BlackElo "2422"]
[PlyCount "78"]
[EventDate "2010.04.21"]

1. e4 c5 2. c3 g6 3. d4 cxd4 4. cxd4 d5 5. e5 Nc6 6. Nf3 Bg4 7. Be2 Nh6 8. Nc3
Nf5 9. Be3 Nxe3 10. fxe3 Bh6 11. e4 dxe4 12. Nxe4 Bxf3 13. Bxf3 O-O 14. Qa4
Qxd4 15. Qxd4 Nxd4 16. Kf2 Rac8 17. Nc3 b5 18. a3 a5 19. Rad1 Nxf3 20. Kxf3 e6
21. Rd7 Rc5 22. Re1 Bg7 23. Kf4 h6 24. h4 g5+ 25. hxg5 hxg5+ 26. Kxg5 Bxe5 27.
Kg4 Bxc3 28. bxc3 Rc4+ 29. Rd4 Rxc3 30. Re5 Rb8 31. Kg5 Rg3+ 32. Kf6 Rg6+ 33.
Ke7 Rxg2 34. Rf4 b4 35. Rxa5 b3 36. Rf1 b2 37. Rb1 Rb7+ 38. Kf6 Rg6+ 39. Ke5
Rg5+ 0-1

[Event "II Festival Vittorio Alfieri"]
[Site "Torino ITA"]
[Date "2010.04.21"]
[Round "1"]
[White "Di Chiara, Mauro"]
[Black "Pettorusso, Aldo"]
[Result "1/2-1/2"]
[WhiteElo "1868"]
[BlackElo "1598"]
[PlyCount "99"]
[EventDate "2010.04.21"]

1. d4 Nf6 2. Nf3 e6 3. c4 Bb4+ 4. Bd2 Bxd2+ 5. Qxd2 O-O 6. Nc3 d5 7. e3 b6 8.
cxd5 exd5 9. Be2 Ba6 10. O-O Bxe2 11. Qxe2 Re8 12. Rfd1 Nbd7 13. Rac1 c5 14.
dxc5 Nxc5 15. Nb5 a6 16. Nbd4 Qd7 17. Rc2 Rac8 18. Rdc1 Nfe4 19. b4 Na4 20.
Qxa6 Nec3 21. Qd3 Nxa2 22. Rxc8 Rxc8 23. Rxc8+ Qxc8 24. Qc2 N4c3 25. b5 Nb4 26.
Nc6 Nxc6 27. Qxc3 Ne7 28. Qxc8+ Nxc8 29. Kf1 Kf8 30. Ke2 Ke7 31. Kd3 Kd6 32.
Nd4 Kc5 33. Nf5 Na7 34. Nxg7 Nxb5 35. Nh5 Nd6 36. Nf6 Ne4 37. Nxh7 Nxf2+ 38.
Ke2 Ne4 39. h4 b5 40. Kd3 Ng3 41. Nf6 b4 42. h5 Nf5 43. g4 Ne7 44. g5 Kd6 45.
h6 Ke6 46. h7 Ng6 47. Nh5 Kf5 48. Nf4 Nh8 49. Nxd5 Kxg5 50. Nxb4 1/2-1/2

[Event "II Festival Vittorio Alfieri"]
[Site "Torino ITA"]
[Date "2010.04.21"]
[Round "1"]
[White "Fassio, Francesco"]
[Black "Cavaliere, Simone"]
[Result "1-0"]
[WhiteElo "1618"]
[BlackElo "1883"]
[PlyCount "113"]
[EventDate "2010.04.21"]

1. c4 Nf6 2. Nc3 g6 3. g3 Bg7 4. Bg2 d6 5. e3 c6 6. Nge2 h5 7. h3 Be6 8. d3 Qc8
9. Bd2 Na6 10. Qb1 O-O 11. b4 Rb8 12. a4 Nh7 13. Ra3 Ng5 14. Nf4 Bd7 15. h4 Nh7
16. b5 Nc7 17. Ne4 Ne8 18. Bh3 e5 19. Bxd7 Qxd7 20. bxc6 Qd8 21. c7 Nxc7 22.
Nd5 Nxd5 23. cxd5 f5 24. Nxd6 Qxd6 25. Bb4 Qxd5 26. e4 fxe4 27. dxe4 Qd4 28.
Bxf8 Rxf8 29. O-O b6 30. Kg2 Nf6 31. f3 Bh6 32. Rd1 Qc5 33. Rad3 Ng4 34. Qa2+
Kh8 35. fxg4 hxg4 36. Rd8 Qb4 37. Rxf8+ Bxf8 38. Qc2 Bc5 39. Rd5 Qe1 40. Rd1
Qe3 41. Rf1 Kg7 42. Qc4 Qd2+ 43. Kh1 Qd7 44. Qd5 Qxd5 45. exd5 a6 46. Kg2 Bd6
47. Rc1 Bc5 48. a5 Kf7 49. axb6 Bxb6 50. Rc6 Bd4 51. Rxa6 e4 52. Re6 e3 53. Kf1
Ba7 54. Ke2 Bc5 55. Re4 Kf6 56. d6 Kf5 57. d7 1-0

[Event "II Festival Vittorio Alfieri"]
[Site "Torino ITA"]
[Date "2010.04.21"]
[Round "1"]
[White "Gussone, Claudio"]
[Black "Capuzzimati, Fausto"]
[Result "1-0"]
[WhiteElo "1792"]
[BlackElo "1491"]
[PlyCount "75"]
[EventDate "2010.04.21"]

1. e4 c5 2. Nf3 d6 3. g3 Nc6 4. Bg2 Nf6 5. Nc3 g6 6. d4 cxd4 7. Nxd4 Bd7 8.
Nxc6 Bxc6 9. Nd5 Bg7 10. Nxf6+ Bxf6 11. c3 Bg7 12. O-O O-O 13. Be3 a5 14. Qd2
Re8 15. Rad1 Qc7 16. f4 Rad8 17. Qf2 Ra8 18. Rd2 b5 19. Rfd1 Qb7 20. e5 Bxg2
21. Qxg2 Qxg2+ 22. Kxg2 dxe5 23. fxe5 Bxe5 24. Rd5 f6 25. Rxb5 Reb8 26. a4 Rxb5
27. axb5 a4 28. Bc5 Bd6 29. Bxd6 exd6 30. Rxd6 a3 31. bxa3 Rxa3 32. Rc6 Rb3 33.
b6 Kg7 34. Rc7+ Kh6 35. b7 Kg5 36. c4 Kf5 37. Rc5+ Ke6 38. Rb5 1-0

[Event "II Festival Vittorio Alfieri"]
[Site "Torino ITA"]
[Date "2010.04.21"]
[Round "1"]
[White "Iacomussi, Mario"]
[Black "Mrdja, Milan"]
[Result "0-1"]
[WhiteElo "1760"]
[BlackElo "2376"]
[PlyCount "66"]
[EventDate "2010.04.21"]

1. c4 e5 2. Nc3 Nf6 3. d3 Bb4 4. Bd2 O-O 5. e4 c6 6. Nf3 Re8 7. Be2 d5 8. cxd5
cxd5 9. a3 Bxc3 10. Bxc3 Nc6 11. exd5 Nxd5 12. O-O Bg4 13. Nd2 Bxe2 14. Qxe2
Nf4 15. Qg4 Qxd3 16. Rfe1 h5 17. Qd1 Rad8 18. Re3 Qd5 19. Qf1 Re6 20. g3 h4 21.
Nf3 hxg3 22. hxg3 Rh6 23. Rae1 Rdd6 24. Re4 Nd3 25. R1e3 f5 26. Rh4 e4 27. Rxh6
Rxh6 28. Nd2 b5 29. Qg2 a5 30. Nf1 b4 31. axb4 Ndxb4 32. Bd2 Nd4 33. f4 Nf3+
0-1

[Event "II Festival Vittorio Alfieri"]
[Site "Torino ITA"]
[Date "2010.04.21"]
[Round "1"]
[White "Kizov, Atanas"]
[Black "Blundo, Michele"]
[Result "1-0"]
[WhiteElo "2398"]
[BlackElo "1763"]
[PlyCount "55"]
[EventDate "2010.04.21"]

1. d4 d5 2. c4 c6 3. Nf3 Nf6 4. Qc2 e6 5. g3 Be7 6. Bg2 O-O 7. O-O Nbd7 8. Nbd2
Re8 9. e4 dxe4 10. Nxe4 Nxe4 11. Qxe4 Nf6 12. Qe2 a6 13. Rd1 Rb8 14. b3 b5 15.
Ne5 Bb7 16. Nxc6 Bxc6 17. Bxc6 Rf8 18. cxb5 axb5 19. Bxb5 Nd5 20. Bb2 Qb6 21.
Bc4 Rfd8 22. a3 Qa5 23. b4 Qa8 24. Rac1 Qa7 25. Bb3 Rbc8 26. Rxc8 Rxc8 27. Bxd5
exd5 28. Re1 1-0

[Event "II Festival Vittorio Alfieri"]
[Site "Torino ITA"]
[Date "2010.04.21"]
[Round "1"]
[White "Ljubisavljevic, Zivojin Z."]
[Black "Macario, Marco"]
[Result "1-0"]
[WhiteElo "2260"]
[BlackElo "1755"]
[PlyCount "229"]
[EventDate "2010.04.21"]

1. e4 c5 2. Nc3 Nc6 3. f4 e6 4. Nf3 d5 5. Bb5 d4 6. Ne2 Nge7 7. O-O Bd7 8. d3
g6 9. Bxc6 Nxc6 10. Qe1 Bg7 11. f5 h6 12. fxg6 fxg6 13. Qg3 g5 14. h4 Qe7 15.
hxg5 O-O-O 16. Nf4 Qd6 17. Nh5 Qxg3 18. Nxg3 h5 19. a3 h4 20. Ne2 Be8 21. Nf4
Kd7 22. Bd2 Ne5 23. b4 b6 24. bxc5 bxc5 25. Rab1 Kd6 26. Rb7 Rd7 27. Rfb1 Kc6
28. Nxe5+ Bxe5 29. Nxe6 Rhh7 30. Rxd7 Rxd7 31. Bf4 Bxf4 32. Nxf4 Rf7 33. Ng6
Rg7 34. Nxh4 Rxg5 35. Kf2 Bd7 36. c3 dxc3 37. Rc1 Kd6 38. Rxc3 a6 39. Nf3 Rg8
40. Rc2 Rb8 41. Nd2 Bb5 42. Ke3 Rg8 43. Nc4+ Ke6 44. Nb2 Kd6 45. Rf2 Ke6 46.
Rd2 Rg6 47. Rf2 Rg8 48. Kd2 Rg3 49. Kc3 Bc6 50. Kc4 Bb5+ 51. Kxc5 Bxd3 52. Nxd3
Rxd3 53. Rf3 Rd2 54. Rg3 Ke5 55. Rg4 Ra2 56. Kb4 a5+ 57. Ka4 Kd4 58. Rg3 Kxe4
59. Kxa5 Kf4 60. Rb3 Rxg2 61. a4 Ke5 62. Kb5 Rg6 63. Kc5 Rg8 64. Re3+ Kf4 65.
Re6 Kf5 66. Re1 Rg2 67. a5 Ra2 68. Kb6 Rb2+ 69. Ka7 Kf6 70. a6 Kf7 71. Re5 Rb1
72. Rh5 Ke7 73. Rh6 Kd7 74. Rb6 Rc1 75. Rb8 Kc7 76. Rh8 Rb1 77. Rh7+ Kc8 78.
Rb7 Ra1 79. Kb6 Rb1+ 80. Ka7 Ra1 81. Rb2 Kc7 82. Rc2+ Kd8 83. Rc5 Rb1 84. Ka8
Rb2 85. Rh5 Kc8 86. Rh8+ Kc7 87. Rh7+ Kc8 88. Rb7 Ra2 89. Ka7 Ra1 90. Rb5 Kc7
91. Rc5+ Kd7 92. Rb5 Kc7 93. Rb7+ Kc8 94. Rb5 Kc7 95. Rc5+ Kd7 96. Kb7 Rb1+ 97.
Ka8 Ra1 98. a7 Rb1 99. Rh5 Kc7 100. Rh7+ Kc8 101. Rh8+ Kc7 102. Rb8 Ra1 103.
Rb3 Kc8 104. Rc3+ Kd7 105. Rb3 Kc7 106. Rb4 Kc8 107. Rc4+ Kd7 108. Kb7 Rb1+
109. Ka6 Ra1+ 110. Kb6 Kd6 111. Rd4+ Ke7 112. Rd5 Rb1+ 113. Rb5 Ra1 114. Ra5
Rb1+ 115. Ka6 1-0

[Event "II Festival Vittorio Alfieri"]
[Site "Torino ITA"]
[Date "2010.04.21"]
[Round "1"]
[White "Lucchese, Paolo"]
[Black "Termini, Luigi Robert"]
[Result "1-0"]
[WhiteElo "2024"]
[BlackElo "1703"]
[PlyCount "79"]
[EventDate "2010.04.21"]

1. e4 c5 2. Nf3 Nc6 3. d4 cxd4 4. Nxd4 e6 5. Nb5 d5 6. exd5 exd5 7. Bf4 Qa5+ 8.
c3 Be6 9. Nc7+ Kd7 10. Nxa8 Bd6 11. Bxd6 Kxd6 12. Na3 Ke7 13. Qb3 Nf6 14. Qxb7+
Bd7 15. Bb5 Rb8 16. Qc7 Rxa8 17. Qxa5 Nxa5 18. Bxd7 Nxd7 19. O-O-O Nf6 20.
Rhe1+ Kf8 21. Nb5 Nc6 22. Nd4 Ne7 23. h3 g6 24. g4 Rd8 25. Rxe7 Kxe7 26. Nc6+
Kd7 27. Nxd8 Kxd8 28. f3 h6 29. h4 g5 30. hxg5 hxg5 31. c4 Kd7 32. Kc2 Kc6 33.
Kc3 dxc4 34. Kxc4 Nd7 35. Rxd7 Kxd7 36. Kd5 Ke7 37. b4 Kf6 38. Kd6 Kg7 39. a4
f5 40. b5 1-0

[Event "II Festival Vittorio Alfieri"]
[Site "Torino ITA"]
[Date "2010.04.21"]
[Round "1"]
[White "Paoli, Mario"]
[Black "Stroppa, Daniel"]
[Result "0-1"]
[WhiteElo "1746"]
[BlackElo "2200"]
[PlyCount "72"]
[EventDate "2010.04.21"]

1. d4 Nf6 2. c4 g6 3. Nc3 Bg7 4. Nf3 O-O 5. e4 d6 6. Be2 Nc6 7. h3 e5 8. d5 Ne7
9. Be3 Nd7 10. Qc2 f5 11. Bg5 h6 12. Be3 Nf6 13. Bd3 c6 14. O-O f4 15. Bd2 g5
16. Nh2 h5 17. f3 Rf7 18. Be1 Bf8 19. Kh1 Rh7 20. Rg1 Ng6 21. g3 Bxh3 22. gxf4
Nxf4 23. Rxg5+ Rg7 24. Bh4 Bg2+ 25. Kg1 Nh3+ 26. Kxg2 Nxg5 27. Bxg5 Rxg5+ 28.
Kh1 Qb6 29. Rf1 h4 30. Ne2 Nh5 31. Ng4 Bg7 32. Qd2 Rg6 33. b3 Rf8 34. Kg2 Nf6
35. Qe1 Qe3 36. Nc1 Nxg4 0-1

[Event "II Festival Vittorio Alfieri"]
[Site "Torino ITA"]
[Date "2010.04.21"]
[Round "1"]
[White "Portaro, Gaetano"]
[Black "Pitrola, Carlo"]
[Result "0-1"]
[WhiteElo "1512"]
[BlackElo "1799"]
[PlyCount "74"]
[EventDate "2010.04.21"]

1. d4 d5 2. Bf4 Nf6 3. e3 e6 4. Bd3 c5 5. c3 b6 6. Nf3 Bd6 7. Bxd6 Qxd6 8. Nbd2
Bb7 9. O-O O-O 10. Rc1 Nbd7 11. Qc2 Rac8 12. Ng5 h6 13. Nh7 Ng4 14. Nf3 Rfe8
15. h3 e5 16. dxe5 Ngxe5 17. Nxe5 Rxe5 18. Bf5 Rc6 19. Rcd1 g6 20. Bxd7 Qxd7
21. c4 Kxh7 22. cxd5 Rxd5 23. e4 Rd4 24. f3 Rcd6 25. Rde1 Rd2 26. Qb1 Qa4 27.
Kh1 Ba6 28. Rg1 Rf2 29. Rd1 Rdd2 30. Rxd2 Rxd2 31. Rc1 Bd3 32. Qa1 Qd4 33. b3
Qxa1 34. Rxa1 b5 35. a4 c4 36. bxc4 bxc4 37. Rc1 Ra2 0-1

[Event "II Festival Vittorio Alfieri"]
[Site "Torino ITA"]
[Date "2010.04.21"]
[Round "1"]
[White "Ravazzolo, Gaia"]
[Black "Moncelli, Giorgio"]
[Result "0-1"]
[WhiteElo "1713"]
[BlackElo "2088"]
[PlyCount "83"]
[EventDate "2010.04.21"]

1. d4 e6 2. Nf3 d5 3. c4 Nf6 4. Nc3 Be7 5. cxd5 exd5 6. Qc2 c6 7. Bg5 g6 8. e4
dxe4 9. Bxf6 Bxf6 10. Qxe4+ Kf8 11. Bc4 Kg7 12. O-O Re8 13. Qf4 Be6 14. Bxe6
Rxe6 15. Rfe1 Rxe1+ 16. Rxe1 Nd7 17. Ne4 Be7 18. Nd6 Qf8 19. Nxb7 Bb4 20. Rc1
Qb8 21. Qxb8 Rxb8 22. Nc5 Bxc5 23. dxc5 Rxb2 24. Nd4 Rxa2 25. Nxc6 Nxc5 26. f3
Nd3 27. Rf1 Kf6 28. Nd4 Ke5 29. Nb5 f5 30. Nc3 Rc2 31. Nb1 a5 32. g3 Rc1 33.
Na3 Kd4 34. Rxc1 Nxc1 35. Kf2 a4 36. Ke1 Ke3 37. f4 Nd3+ 38. Kd1 Nf2+ 39. Kc1
Ng4 40. h3 Nf6 41. Nc2+ Kf3 42. Nd4+ 0-1

[Event "II Festival Vittorio Alfieri"]
[Site "Torino ITA"]
[Date "2010.04.21"]
[Round "1"]
[White "Riccardi, Mauro"]
[Black "Vozza, Augusto"]
[Result "1/2-1/2"]
[WhiteElo "1818"]
[BlackElo "1540"]
[PlyCount "40"]
[EventDate "2010.04.21"]

1. d4 d5 2. c4 c6 3. Nf3 Nd7 4. Nc3 Ngf6 5. e3 e6 6. Qc2 Bb4 7. Bd2 Qa5 8. g4
g6 9. h3 dxc4 10. Bxc4 b5 11. Be2 Bb7 12. e4 Rc8 13. O-O a6 14. a3 Be7 15. e5
Ng8 16. Ne4 Qd8 17. Qb3 c5 18. Ng3 cxd4 19. Rfe1 Nc5 20. Qd1 Qd5 1/2-1/2

[Event "II Festival Vittorio Alfieri"]
[Site "Torino ITA"]
[Date "2010.04.21"]
[Round "1"]
[White "Topczewski, Damian"]
[Black "Fassero, Fabrizio"]
[Result "1-0"]
[WhiteElo "2159"]
[BlackElo "1737"]
[PlyCount "35"]
[EventDate "2010.04.21"]

1. e4 e6 2. d4 d5 3. Nd2 c5 4. Ngf3 Nc6 5. exd5 exd5 6. Bb5 Bd6 7. O-O Be6 8.
Re1 h6 9. dxc5 Bxc5 10. Nb3 Bd6 11. Nfd4 Nge7 12. Rxe6 fxe6 13. Nxe6 Qb6 14.
Bxc6+ bxc6 15. Nxg7+ Kd8 16. Be3 c5 17. Ne6+ Kc8 18. Nexc5 1-0